00458nam a2200169Ia 450000500170000000800410001702000180005804100120007608200190008810000200010724500470012725000120017426000420018630000180022865000200024665000220026620260429111918.0260429s9999||||xx |||||||||||||| ||und|| a9789393317872 aEnglish a780.92254bPIL aPillay, Sandesh 0aStory of Carnatic music / cSandesh Pillay a1st ed. aNew Delhi : bHindi Prakashan,c2024. av, 248 p.; hb a Carnatic music aTraditional music